书目信息 |
| 书名: | WITHOUT CONSENT | |
| 作者: | KATHRYN FOX | |
| 分册号: | ||
| 分册名: | 出版地: | NEW YORK |
|
| 出版社: | HARPER | |
| 出版时间: | 2010 | |
| 页数: | 325p | |
| 开本: | 20cm | |
| 丛书名: | ||
| 中图分类号: | ||
| 科图分类号: | ||
| 其他分类号: | I712.45 | |
| 主题词: | ||
| 电子资源: | ||
| 000 | 00475nam0 2200193 450 | |
| 001 | 052012178202 | |
| 005 | 20121107090341.0 | |
| 008 | 20021229d1997 em y0chiy0121 ea | |
| 020 | @a978-0-06-125255-6@c$7.99 | |
| 041 | @aeng | |
| 091 | @aI712.45 | |
| 099 | @dI712.45@eK19 | |
| 100 | @aKATHRYN FOX | |
| 245 | 10 | @aWITHOUT CONSENT @cKATHRYN FOX |
| 260 | @aNEW YORK@bHARPER@c2010 | |
| 300 | @a325p@c20cm | |
| 521 | @aWITHOUT CONSENT | |
| 905 | @b5695-7 | |
| 905 | @aTSG@dI712.45@eK19 | |
| WITHOUT CONSENT / KATHRYN FOX.-NEW YORK : HARPER , 2010 |
| 325p ; 20cm |
| WITHOUT CONSENT |
| ISBN 978-0-06-125255-6$7.99 |
| ● |
| 相关链接 |
|
|
|
正题名:WITHOUT CONSENT
索取号:I712.45/K19
 
预约/预借
| 序号 | 登录号 | 条形码 | 馆藏地/架位号 | 状态 | 备注 |
| 1 | 5695 | 300056953 | 文学库116/400A自科库 22排2列4层/ [索取号:I712.45/K19] | 在馆 | |
| 2 | 5696 | 300056962 | 文学库116/400A自科库 22排2列4层/ [索取号:I712.45/K19] | 在馆 | |
| 3 | 5697 | 300056971 | 文学库116/400A自科库 22排2列4层/ [索取号:I712.45/K19] | 在馆 |